Normal view
MARC view
- الاسلام والبنوك- المصارف الاسلامية
Entry Topical Term
001 - CONTROL NUMBER
- control field: 30683
003 - CONTROL NUMBER IDENTIFIER
- control field: JO-AjAnu
005 - DATE AND TIME OF LATEST TRANSACTION
- control field: 20230606075156.0
008 - FIXED-LENGTH DATA ELEMENTS
- fixed length control field: 230606|| aca||aabn | a|a d
040 ## - CATALOGING SOURCE
- Original cataloging agency: JO-AjAnu
- Transcribing agency: JO-AjAnu
150 ## - HEADING--TOPICAL TERM
- Topical term or geographic name entry element: الاسلام والبنوك- المصارف الاسلامية
670 ## - SOURCE DATA FOUND
- Source citation: Work cat.: (JO-AjAnu)15760: العطيات، يزن خلف سالم ؛ اشراف وتقديم: عبد الحميد محمود البعلي, author 30682, تحول المصارف التقليدية للعمل وفق أحكام الشريعة الإسلامية